书目信息 |
| 题名: |
大地谈诗
|
|
| 作者: | 孙文涛 著 | |
| 分册: | ||
| 出版信息: | 香港 金陵书社出版公司 2007 |
|
| 页数: | 311页 | |
| 开本: | 19cm | |
| 丛书名: | ||
| 单 册: | ||
| 中图分类: | I106.2 | |
| 科图分类: | ||
| 主题词: | 文学--世界 | |
| 电子资源: | ||
| ISBN: | 962-440-848-3 | |
| 000 | 00547nam0 2200193 450 | |
| 001 | 0832883619 | |
| 005 | 20081020090938.07 | |
| 010 | @a962-440-848-3@dCNY20.00 | |
| 100 | @a20081020d2007 km y0chiy0120 ea | |
| 101 | 0 | @achi |
| 102 | @aCN@b810000 | |
| 200 | 1 | @a大地谈诗@Ada di tan shi@f孙文涛著@Fsun wen tao zhu |
| 210 | @a香港@c金陵书社出版公司@d2007 | |
| 215 | @a311页@d19cm | |
| 606 | 0 | @a文学@x世界 |
| 690 | @aI106.2@v4 | |
| 701 | 0 | @a孙文涛@Asun wen tao@4著 |
| 801 | 0 | @aCN@b大连网信软件有限公司图书馆·11@c20081020 |
| 905 | @aZUCC@dI106.2@e206 | |
| 大地谈诗/孙文涛著.-香港:金陵书社出版公司,2007 |
| 311页;19cm |
| ISBN 962-440-848-3:CNY20.00 |
| ● |
| 相关链接 |
|
|
|
|
正题名:大地谈诗
索取号:I106.2/206
 
预约/预借
| 序号 | 登录号 | 条形码 | 馆藏地/架位号 | 状态 | 备注 |
| 1 | 0626797 | 206267975 | 第一样本阅览室/ [索取号:I106.2/206] | 在馆 | |
| 2 | 0626798 | 206267984 | 第二借阅区/ [索取号:I106.2/206] | 在馆 |